000 nam a22 7a 4500
999 _c10702
_d10702
008 180220b ||||| |||| 00| 0 eng d
100 _aMohan,R.etal.
_9850
245 _aMathville-3
260 _aNew Delhi
_bG. Ram